000 00465nam a2200181Ia 4500
001 49672
008 140502s9999 xx 000 0 und d
020 _a9780071639217
040 _cPK-LaUMT
082 _a 004.68
_bSOY-W
100 _aSoyinka, Wale
245 _aWireless network administration
_ba beginner's guide
_cSoyinka, Wale
260 _aNew York,USA:
_bMcGraw-Hill,
_c2010
300 _a314 p.
546 _aEN
650 _aWireless LAN
942 _cBK
999 _c47417
_d47417